000 00341nam a2200133Ia 4500
005 20260328101508.0
008 260328s9999||||xx |||||||||||||| ||und||
100 _aColmet Daage, Patrice
245 0 _aLa cathedrale de Coutances /
_cPatrice Colmet Daage
260 _bHenri Laurens
300 _a57 p.
650 _aARQUITECTURA
942 _cBK
999 _c9097
_d9097